Moorsoldaten Liedtext - Statistiken

Allgemein
  • Dieses Quiz wurde 26 mal gespielt
  • Das Durchschnittsergebnis liegt bei 161 aus 253
Antwortstatistiken
Antwort % Korrekt
die
100%
Moor
100%
Moor.
100%
sind
100%
sind.
100%
und
100%
Wir
100%
wir
100%
Moorsoldaten
94%
bei
89%
das
89%
in
89%
In
89%
in's
83%
ins
83%
mit
83%
Spaten
83%
dem
78%
ziehen
78%
ziehn
78%
wo
61%
auch
50%
den
50%
der
50%
Du
50%
nicht
50%
öden
50%
hin,
44%
nur
44%
uns
44%
Auge
39%
Wohin
39%
ein
39%
für
39%
gehn
39%
Heide
39%
blikked,
33%
Dann
33%
kann
33%
kanns
33%
Auf
28%
es
28%
Heimat
28%
kein
28%
mehr
28%
mein.
28%
sein.
28%
Sonne,
28%
Zu
28%
zur
28%
Arbeit
22%
bist
22%
dieser
22%
Einmal
22%
erquicket,
22%
Ewig
22%
Flucht
22%
Hier
22%
hier
22%
ist
22%
Keiner,
22%
keiner
22%
Leben
22%
Vogelsang
22%
von
22%
werden
22%
wieder
22%
Winter
22%
wird
22%
Brand
17%
Brust
17%
Burg.
17%
Doch
17%
Eichen
17%
froh
17%
gefangen
17%
Graben
17%
hindurch.
17%
kahl
17%
Kind,
17%
Klagen,
17%
kosten,
17%
krumm.
17%
Lager
17%
Morgens
17%
Posten,
17%
sagen,
17%
Sinn.
17%
stehen
17%
steht
17%
umzäunt
17%
Weib
17%
Weil
17%
aufgebaut
11%
dehnet,
11%
Eltern
11%
fern
11%
Freude
11%
gibt
11%
Heimwärts,
11%
heimwärts,
11%
hinter
11%
jeder
11%
Kolonnen
11%
Manche
11%
nieder
11%
sehnet
11%
Seufzer
11%
Stacheldraht
11%
verstaut.
11%
Vielfach
11%
ringsherum.
6%
Keine übereinstimmenden Quizze gefunden
Verteilung der Resultate
Anzahl Personen mit jedem Resultat
Perzentil nach korrekt beantworteten Fragen
Ihre Resultats-Entwicklung
Sie haben dieses Quiz noch nicht gespielt